Challenges of growth and globalization in the Middle East and North Africa
Enregistré dans:
| Auteur principal: | |
|---|---|
| Autres auteurs: | |
| Format: | Livre |
| Langue: | anglais |
| Publié: |
Washington, D.C.
IMF
2003
|
| Sujets: | |
| Tags: |
Pas de tags, Soyez le premier à ajouter un tag!
|
MARC
| LEADER | 00000nam$a2200000$$$4500 | ||
|---|---|---|---|
| 001 | 0023812 | ||
| 005 | 20240315115417.3 | ||
| 020 | |a 1-58906-229-9 | ||
| 041 | 0 | |a eng | |
| 044 | |a US | ||
| 245 | 1 | 0 | |a Challenges of growth and globalization in the Middle East and North Africa |c George T. Abed and Hamid R. Davoodi |
| 264 | 1 | |a Washington, D.C. |b IMF |c 2003 | |
| 300 | |a 33 s. | ||
| 610 | 2 | 0 | |a rast hospodársky |
| 610 | 2 | 0 | |a globalizácia hospodárstva |
| 610 | 2 | 0 | |a Afrika |
| 610 | 2 | 0 | |a Stredný východ |
| 610 | 2 | 0 | |a ukazovatele ekonomické |
| 610 | 2 | 0 | |a porovnanie štatistické |
| 610 | 2 | 0 | |a liberalizácia |
| 100 | 1 | |a Abed, George T. | |
| 700 | 1 | |a Davoodi, Hamid R. | |